| 000 | 00938cad a22002535a 4500 | ||
|---|---|---|---|
| 001 | E152101 | ||
| 008 | 110201s2010 xxk f 100 0 eng d | ||
| 020 | _a9781842196199 | ||
| 035 | _a(Sirsi) u152101 | ||
| 041 | 0 | _aeng | |
| 100 | 1 | _aWybenga, Lauren | |
| 111 | 2 |
_aConstruction and Building Research Conference _cDauphine Universite, Paris _d2-3 September 2010 |
|
| 245 | 0 | 4 |
_aThe emergency repair of London's dwellings damaged by vengeance weapons during the Second World War _h[Electronic resource] |
| 260 |
_aUSA, _bAuburn University |
||
| 300 | _a11p. | ||
| 520 | _aA paper presented at the COBRA Conference in Paris on 2-3 September 2010. | ||
| 590 | _aKA | ||
| 650 | 2 | 4 | _aCONSTRUCTION AND BUILDING RESEARCH CONFERENCE (COBRA) |
| 651 | 4 | _aLondon | |
| 690 |
_aRefurbishment _96264 |
||
| 700 | _aBurt, Richard | ||
| 856 |
_uhttps://www.irbnet.de/daten/iconda/CIB19000.pdf _zBroken link - not available |
||
| 942 |
_n0 _2ddc |
||
| 999 |
_c111856 _d111856 |
||